[Event "German Masters 2021"]
[Site "Magdeburg"]
[Date "2021.07.26"]
[Round "4.3"]
[White "Graf, Alexander"]
[Black "Meier, Georg"]
[Result "0-1"]
[WhiteElo "2569"]
[BlackElo "2628"]
[Annotator "ChessBase"]
[PlyCount "89"]
[EventDate "2021.07.23"]
[EventType "tourn"]
[EventCountry "GER"]
[SourceTitle "playchess.com"]
[Source "ChessBase"]
[SourceQuality "1"]
[TimeControl "40/5400+30:1800+30"]

1. Nf3 {[%emt 0:00:04]} d5 {[%emt 0:02:34]} 2. g3 {[%emt 0:00:04]} Bg4 {[%emt 0:00:08]} 3. Bg2 {[%emt 0:00:10]} e6 {[%emt 0:00:04]} 4. O-O {[%emt 0:08:43]} Nf6 {[%emt 0:00:25]} 5. d4 {[%emt 0:00:11]} Be7 {[%emt 0:00:44]} 6. Nbd2 {[%emt 0:00:11]} O-O {[%emt 0:00:21]} 7. Re1 {[%emt 0:00:07]} c5 {[%emt 0:00:22]} 8. c4 {[%emt 0:06:44]} cxd4 {[%emt 0:28:28]} 9. Nxd4 {[%emt 0:32:14]} e5 {[%emt 0:13:33]} 10. N4f3 {[%emt 0:10:24]} e4 {[%emt 0:00:23]} 11. Ne5 {[%emt 0:00:14]} Bh5 {[%emt 0:08:16]} 12. cxd5 {[%emt 0:12:44]} Qxd5 {[%emt 0:00:07]} 13. Nxe4 {[%emt 0:03:31]} Qxe5 {[%emt 0:01:25]} 14. Nxf6+ {[%emt 0:00:45]} Qxf6 {[%emt 0:00:35]} 15. Bxb7 {[%emt 0:00:15]} Nc6 {[%emt 0:01:47]} 16. Qd5 {[%emt 0:06:12]} Rab8 {[%emt 0:13:07]} 17. Bxc6 {[%emt 0:06:52]} Bb4 {[%emt 0:00:15]} 18. Bg5 {[%emt 0:00:42]} Qxb2 {[%emt 0:00:47]} 19. Rab1 {[%emt 0:04:11]} Qc2 {[%emt 0:07:55]} 20. Rec1 {[%emt 0:02:58]} Qxe2 {[%emt 0:00:39]} 21. Bf4 {[%emt 0:01:30]} Rbd8 {[%emt 0:00:59]} 22. Qc4 {[%emt 0:00:54]} a5 {[%emt 0:02:14]} 23. Qxe2 {[%emt 0:00:47]} Bxe2 {[%emt 0:00:15]} 24. Rb3 {[%emt 0:00:07]} Bd1 {[%emt 0:01:07]} 25. Re3 {[%emt 0:00:21]} Bg4 {[%emt 0:00:24]} 26. Re5 {[%emt 0:00:53]} Be6 {[%emt 0:01:47]} 27. Re2 {[%emt 0:00:35]} Rc8 {[%emt 0:01:16]} 28. a4 {[%emt 0:00:50]} Rfd8 {[%emt 0:01:06]} 29. f3 {[%emt 0:00:02]} h6 {[%emt 0:04:00]} 30. Kf2 {[%emt 0:00:50]} Kf8 {[%emt 0:03:41]} 31. g4 {[%emt 0:00:28]} Rd4 {[%emt 0:01:35]} 32. Be3 {[%emt 0:00:44]} Rc4 {[%emt 0:00:59]} 33. Rxc4 {[%emt 0:00:28]} Bxc4 {[%emt 0:00:06]} 34. Bb7 {[%emt 0:00:11]} Rb8 {[%emt 0:01:06]} 35. Rc2 {[%emt 0:00:24]} Bb3 {[%emt 0:00:08]} 36. Rc7 {[%emt 0:00:10]} Bxa4 {[%emt 0:00:39]} 37. Bd5 {[%emt 0:00:16]} Be8 38. Bc5+ Bxc5+ {[%emt 0:00:44]} 39. Rxc5 {[%emt 0:00:01]} Rb5 {[%emt 0:01:03]} 40. Rxb5 {[%emt 0:00:25]} Bxb5 {[%emt 0:00:03]} 41. Ke3 {[%emt 0:30:06]} Bd7 {[%emt 0:34:42]} 42. Kd4 {[%emt 0:00:00]} g5 {[%emt 0:00:00]} 43. Kc5 {[%emt 0:00:00]} Ke7 {[%emt 0:00:00]} 44. Bc4 {[%emt 0:00:00]} Be6 {[%emt 0:00:00]} 45. Kd4 0-1

[Event "German Masters 2021"]
[Site "Magdeburg"]
[Date "2021.07.26"]
[Round "4.5"]
[White "Heimann, Andreas"]
[Black "Fridman, Daniel"]
[Result "1/2-1/2"]
[WhiteElo "2599"]
[BlackElo "2608"]
[Annotator "ChessBase"]
[PlyCount "54"]
[EventDate "2021.07.23"]
[EventType "tourn"]
[EventCountry "GER"]
[SourceTitle "playchess.com"]
[Source "ChessBase"]
[SourceQuality "1"]
[TimeControl "40/5400+30:1800+30"]

1. d4 {[%emt 0:00:05]} d5 {[%emt 0:03:03]} 2. c4 {[%emt 0:00:04]} e6 {[%emt 0:00:06]} 3. Nc3 {[%emt 0:00:04]} c5 {[%emt 0:00:07]} 4. cxd5 {[%emt 0:00:06]} exd5 {[%emt 0:00:04]} 5. Nf3 {[%emt 0:00:13]} Nc6 {[%emt 0:00:05]} 6. dxc5 {[%emt 0:00:32]} d4 {[%emt 0:00:06]} 7. Na4 {[%emt 0:00:07]} Bxc5 {[%emt 0:00:18]} 8. Nxc5 {[%emt 0:00:04]} Qa5+ {[%emt 0:00:06]} 9. Qd2 {[%emt 0:01:43]} Qxc5 {[%emt 0:00:22]} 10. e3 {[%emt 0:00:03]} dxe3 {[%emt 0:09:58]} 11. Qxe3+ {[%emt 0:00:37]} Qxe3+ {[%emt 0:00:06]} 12. Bxe3 {[%emt 0:00:05]} Nge7 {[%emt 0:00:32]} 13. Bb5 {[%emt 0:02:05]} O-O {[%emt 0:06:34]} 14. O-O {[%emt 0:03:11]} Be6 {[%emt 0:04:19]} 15. Rfd1 {[%emt 0:01:56]} Rfd8 {[%emt 0:03:11]} 16. Bxc6 {[%emt 0:05:20]} Nxc6 {[%emt 0:00:54]} 17. Nd4 {[%emt 0:00:08]} Nxd4 {[%emt 0:00:07]} 18. Rxd4 {[%emt 0:00:04]} Rxd4 {[%emt 0:00:06]} 19. Bxd4 {[%emt 0:00:02]} a6 {[%emt 0:00:34]} 20. a3 {[%emt 0:00:05]} f6 {[%emt 0:00:07]} 21. f3 {[%emt 0:00:09]} Kf7 {[%emt 0:00:07]} 22. Rc1 {[%emt 0:00:10]} Rc8 {[%emt 0:00:06]} 23. Rxc8 {[%emt 0:00:04]} Bxc8 {[%emt 0:00:04]} 24. Bc3 {[%emt 0:00:03]} Be6 {[%emt 0:00:06]} 25. Bd4 {[%emt 0:00:02]} Bc8 {[%emt 0:00:07]} 26. Bc3 {[%emt 0:00:04]} Be6 {[%emt 0:00:04]} 27. Bd4 {[%emt 0:00:02]} Bc8 1/2-1/2

[Event "German Masters 2021"]
[Site "Magdeburg"]
[Date "2021.07.27"]
[Round "5.1"]
[White "Fridman, Daniel"]
[Black "Bluebaum, Matthias"]
[Result "1/2-1/2"]
[WhiteElo "2608"]
[BlackElo "2669"]
[Annotator "TA"]
[PlyCount "122"]
[EventDate "2021.07.23"]
[EventType "tourn"]
[EventCountry "GER"]
[SourceTitle "playchess.com"]
[Source "ChessBase"]
[SourceQuality "1"]

{[%evp 15,122,7,35,37,41,40,39,31,44,32,37,35,53,37,70,74,79,51,93,85,106,89,157,163,152,88,124,89,92,44,43,43,42,43,53,42,59,45,53,13,29,26,26,26,26,27,28,27,30,40,67,67,68,67,102,78,136,8,141,67,67,67,137,134,138,105,131,138,138,123,139,151,157,137,164,73,73,58,69,37,37,37,37,0,0,0,284,328,383,0,0,0,0,0,0,0,0,0,0,0,0,0,0,0,0,0,0,0,0]} 1. e4 e6 2. d4 d5 3. e5 c5 4. c3 Nc6 5. Nf3 Nge7 6. Na3 cxd4 7. cxd4 Nf5 8. Nc2 Nb4 9. Nxb4 Bxb4+ 10. Bd2 Qa5 11. Bd3 {White is slightly better.} Ne7 12. O-O Bxd2 13. Nxd2 Bd7 14. Nb3 Qb6 15. Qg4 g6 16. Rac1 Nc6 17. Rc3 O-O 18. Qf4 f5 ({Black should play} 18... Qb4) 19. exf6 $16 {Threatens to win with Bxg6!} Qd8 {[#]} 20. Nc5 (20. Bxg6 $142 $1 {[%mdl 512]} hxg6 (20... Qxf6 21. Qxf6) 21. Rf3) 20... Rxf6 21. Qe3 Rf7 22. Bb5 e5 $1 {[%cal Re5d4]} 23. Bxc6 ({Don't play} 23. Nxb7 Qb6 $15) ({Inferior is} 23. dxe5 d4 $17) 23... exd4 24. Qxd4 ({Not} 24. Nxb7 Qf6 $17) 24... Bxc6 25. Re1 Qf6 26. Qxf6 Rxf6 27. Re7 Rf7 28. Rxf7 Kxf7 {[#]} 29. Nxb7 $1 {[%mdl 64] Decoy} Bxb7 $11 {[%mdl 4096] Endgame KRB-KR} 30. Rc7+ {[%mdl 64] Double Attack} Ke6 31. Rxb7 {KR-KR} Rc8 {[%cal Rc8c1]} 32. Kf1 Rc1+ 33. Ke2 Rc2+ 34. Kf3 h5 35. h4 d4 (35... Ke5 $142) 36. g3 ({White should try} 36. a4 $1 $16) 36... d3 (36... Kd5 $1 $11) 37. Rxa7 (37. Ke3 $16) 37... Rxb2 $14 38. Ra6+ Kf5 (38... Kf7 $1 $14) 39. Ra5+ $1 $16 Kf6 {[#]} 40. a4 $1 d2 41. Ke2 Ra2 42. Kd1 Kg7 43. Ra7+ Kg8 44. a5 {Hoping for f3.} Kh8 45. a6 (45. Ke2 $18 {and White stays clearly on top.}) 45... Kg8 46. f3 Kh8 47. g4 hxg4 48. fxg4 {Strongly threatening h5.} Kg8 49. h5 gxh5 50. gxh5 {aiming for h6.} Kh8 $2 {[%mdl 8192] [#]} (50... Kf8 $11 {and Black has nothing to worry.} 51. h6 Kg8 52. Ra8+ Kh7) 51. h6 $1 $18 Kg8 52. Rg7+ $2 (52. Ra8+ $18 Kh7 53. a7) 52... Kh8 $1 $11 {The position is equal.} 53. a7 (53. Rg6 {with more complications.} Kh7 54. Rf6 Kh8 55. Rc6 Kh7 56. Rd6) 53... Ra1+ 54. Kxd2 Ra2+ $1 55. Kc3 Ra3+ $1 56. Kb4 {Rg8+! would kill now.} Ra4+ $1 57. Kb5 {Intending Rg8+! and mate.} Ra5+ $1 58. Kb6 Ra6+ $1 59. Kb7 {White threatens Rg8+! and mate.} Rxa7+ $1 60. Kb8 Rxg7 61. hxg7+ Kxg7 {Weighted Error Value: White=0.23/Black=0.18} 1/2-1/2

[Event "German Masters 2021"]
[Site "Magdeburg"]
[Date "2021.07.27"]
[Round "5.3"]
[White "Meier, Georg"]
[Black "Engel, Luis"]
[Result "0-1"]
[WhiteElo "2628"]
[BlackElo "2543"]
[Annotator "ChessBase"]
[PlyCount "74"]
[EventDate "2021.07.23"]
[EventType "tourn"]
[EventCountry "GER"]
[SourceTitle "playchess.com"]
[Source "ChessBase"]
[SourceQuality "1"]
[TimeControl "40/5400+30:1800+30"]

1. d4 {[%emt 0:00:22]} Nf6 {[%emt 0:00:15]} 2. Nf3 {[%emt 0:00:19]} d5 {[%emt 0:00:06]} 3. c4 {[%emt 0:00:05]} e6 {[%emt 0:00:05]} 4. Nc3 {[%emt 0:00:05]} dxc4 {[%emt 0:02:08]} 5. e4 {[%emt 0:01:34]} b5 {[%emt 0:00:16]} 6. Nxb5 {[%emt 0:07:17]} Nxe4 {[%emt 0:00:28]} 7. Bxc4 {[%emt 0:00:19]} Bb4+ {[%emt 0:01:26]} 8. Ke2 {[%emt 0:00:41]} O-O {[%emt 0:26:38]} 9. Qc2 {[%emt 0:27:39]} Nd6 {[%emt 0:08:57]} 10. Nxd6 {[%emt 0:21:09]} cxd6 {[%emt 0:03:35]} 11. Bg5 {[%emt 0:01:38]} Qe8 {[%emt 0:07:03]} 12. Rhc1 {[%emt 0:04:04]} Ba5 {[%emt 0:06:58]} 13. Kf1 {[%emt 0:04:54]} Bb7 {[%emt 0:01:32]} 14. Qb3 {[%emt 0:01:48]} Bb6 {[%emt 0:03:54]} 15. a4 {[%emt 0:02:24]} Nc6 {[%emt 0:03:00]} 16. Bb5 {[%emt 0:01:58]} Rb8 {[%emt 0:06:46]} 17. d5 {[%emt 0:04:14]} exd5 {[%emt 0:00:23]} 18. Re1 {[%emt 0:07:10]} Qc8 {[%emt 0:00:34]} 19. Rac1 {[%emt 0:03:59]} Bc5 {[%emt 0:01:02]} 20. Be3 {[%emt 0:04:40]} d4 {[%emt 0:01:13]} 21. Bd2 {[%emt 0:00:10]} a6 {[%emt 0:03:30]} 22. Qd3 {[%emt 0:01:38]} axb5 {[%emt 0:01:05]} 23. axb5 {[%emt 0:00:05]} Qg4 {[%emt 0:02:00]} 24. Ng5 {[%emt 0:03:24]} Qxg2+ {[%emt 0:05:04]} 25. Kxg2 {[%emt 0:00:08]} Ne5+ {[%emt 0:00:08]} 26. Qe4 {[%emt 0:00:30]} Nd3 {[%emt 0:00:12]} 27. b4 {[%emt 0:00:25]} Nxe1+ {[%emt 0:03:01]} 28. Bxe1 {[%emt 0:00:13]} Bxe4+ {[%emt 0:00:49]} 29. Nxe4 {[%emt 0:00:07]} f5 {[%emt 0:02:10]} 30. Nxc5 {[%emt 0:01:09]} dxc5 {[%emt 0:00:07]} 31. Rxc5 {[%emt 0:00:05]} g6 {[%emt 0:02:19]} 32. Bd2 {[%emt 0:00:09]} d3 {[%emt 0:03:12]} 33. Bf4 {[%emt 0:00:56]} Rfd8 {[%emt 0:01:07]} 34. Bd2 {[%emt 0:00:09]} Rb6 {[%emt 0:01:30]} 35. Kf3 {[%emt 0:00:14]} Re6 {[%emt 0:00:29]} 36. Rc6 {[%emt 0:00:55]} Re2 {[%emt 0:00:37]} 37. Bg5 {[%emt 0:00:13]} d2 {[%emt 0:00:28]} 0-1

[Event "German Masters 2021"]
[Site "Magdeburg"]
[Date "2021.07.27"]
[Round "5.4"]
[White "Parvanyan, Ashot"]
[Black "Graf, Alexander"]
[Result "1/2-1/2"]
[WhiteElo "2451"]
[BlackElo "2569"]
[Annotator "ChessBase"]
[PlyCount "129"]
[EventDate "2021.07.23"]
[EventType "tourn"]
[EventCountry "GER"]
[SourceTitle "playchess.com"]
[Source "ChessBase"]
[SourceQuality "1"]
[TimeControl "40/5400+30:1800+30"]

1. Nf3 {[%emt 0:00:35]} d5 {[%emt 0:01:51]} 2. d4 {[%emt 0:00:34]} Nf6 {[%emt 0:01:39]} 3. c4 {[%emt 0:00:06]} c6 {[%emt 0:00:53]} 4. Qc2 {[%emt 0:03:15]} g6 {[%emt 0:07:01]} 5. e3 {[%emt 0:03:52]} Bg7 {[%emt 0:02:49]} 6. Bd3 {[%emt 0:04:52]} O-O {[%emt 0:17:35]} 7. Nc3 {[%emt 0:03:25]} Na6 {[%emt 0:22:12]} 8. Qb3 {[%emt 0:11:22]} c5 {[%emt 0:04:55]} 9. O-O {[%emt 0:18:43]} b6 {[%emt 0:11:17]} 10. cxd5 {[%emt 0:05:48]} cxd4 {[%emt 0:04:21]} 11. exd4 {[%emt 0:04:33]} Nc7 {[%emt 0:00:29]} 12. Ne5 {[%emt 0:00:41]} Bb7 {[%emt 0:00:19]} 13. Nc6 {[%emt 0:06:00]} Qd6 {[%emt 0:00:53]} 14. Na5 {[%emt 0:30:30]} Bxd5 {[%emt 0:14:45]} 15. Nxd5 {[%emt 0:00:12]} Nfxd5 {[%emt 0:01:09]} 16. Nc4 {[%emt 0:00:35]} Qb4 {[%emt 0:00:12]} 17. Be3 {[%emt 0:03:02]} Rfd8 {[%emt 0:00:54]} 18. Qxb4 {[%emt 0:00:35]} Nxb4 {[%emt 0:00:08]} 19. Be4 {[%emt 0:00:03]} Nbd5 {[%emt 0:00:37]} 20. Rfd1 {[%emt 0:01:13]} Rac8 {[%emt 0:00:57]} 21. Rac1 {[%emt 0:00:25]} Ne6 {[%emt 0:01:46]} 22. a4 {[%emt 0:00:37]} Rc7 {[%emt 0:00:14]} 23. Kf1 {[%emt 0:00:31]} f5 {[%emt 0:00:11]} 24. Bf3 {[%emt 0:00:30]} f4 {[%emt 0:00:22]} 25. Bd2 {[%emt 0:00:22]} g5 {[%emt 0:00:31]} 26. Ne5 {[%emt 0:00:37]} Rxc1 {[%emt 0:01:11]} 27. Bxc1 {[%emt 0:00:14]} Nb4 {[%emt 0:00:26]} 28. Bd2 {[%emt 0:00:46]} Rxd4 {[%emt 0:00:16]} 29. Bxb4 {[%emt 0:00:29]} Rxb4 {[%emt 0:00:16]} 30. Nc6 {[%emt 0:00:26]} Rxa4 {[%emt 0:00:40]} 31. Bd5 {[%emt 0:00:35]} Bxb2 {[%emt 0:00:11]} 32. Nd8 {[%emt 0:00:31]} Kg7 {[%emt 0:00:10]} 33. Nxe6+ {[%emt 0:00:29]} Kf6 {[%emt 0:00:01]} 34. Nf8 {[%emt 0:00:29]} h6 {[%emt 0:00:20]} 35. Nd7+ {[%emt 0:00:28]} Kf5 {[%emt 0:00:02]} 36. Bb3 {[%emt 0:00:32]} Ra3 {[%emt 0:01:01]} 37. Rd3 {[%emt 0:00:32]} e5 {[%emt 0:01:32]} 38. f3 {[%emt 0:00:28]} e4 {[%emt 0:00:27]} 39. fxe4+ {[%emt 0:00:26]} Kxe4 {[%emt 0:00:01]} 40. Ke2 {[%emt 0:00:25]} g4 {[%emt 0:01:49]} 41. Nb8 {[%emt 0:13:09]} a5 {[%emt 0:08:56]} 42. Nd7 {[%emt 0:03:32]} a4 {[%emt 0:05:14]} 43. Bd5+ {[%emt 0:05:27]} Kf5 {[%emt 0:00:10]} 44. Rxa3 {[%emt 0:01:30]} Bxa3 {[%emt 0:00:09]} 45. Nxb6 {[%emt 0:05:06]} Bd6 {[%emt 0:00:14]} 46. Nxa4 {[%emt 0:02:12]} f3+ {[%emt 0:00:09]} 47. Kf2 {[%emt 0:00:30]} fxg2 {[%emt 0:08:37]} 48. Kxg2 {[%emt 0:01:07]} h5 {[%emt 0:00:09]} 49. Nc3 {[%emt 0:01:03]} h4 {[%emt 0:00:08]} 50. Ne2 {[%emt 0:01:29]} Be5 {[%emt 0:00:48]} 51. Bb7 {[%emt 0:00:28]} Kg5 {[%emt 0:00:07]} 52. Bc8 {[%emt 0:00:24]} Bb2 {[%emt 0:00:30]} 53. Bd7 {[%emt 0:00:22]} Be5 {[%emt 0:00:10]} 54. Kh1 {[%emt 0:00:30]} Bb2 {[%emt 0:00:35]} 55. Bc8 {[%emt 0:00:06]} Be5 {[%emt 0:00:13]} 56. Nc1 {[%emt 0:00:56]} h3 {[%emt 0:00:33]} 57. Ne2 {[%emt 0:00:47]} Kh4 {[%emt 0:00:23]} 58. Ng1 {[%emt 0:00:30]} Bd4 {[%emt 0:00:38]} 59. Ne2 {[%emt 0:00:23]} Be5 {[%emt 0:00:21]} 60. Bb7 {[%emt 0:00:36]} g3 {[%emt 0:00:34]} 61. hxg3+ {[%emt 0:00:27]} Bxg3 {[%emt 0:00:09]} 62. Nd4 {[%emt 0:00:11]} Bc7 {[%emt 0:00:23]} 63. Nf5+ {[%emt 0:00:30]} Kg5 {[%emt 0:00:14]} 64. Ng7 {[%emt 0:00:16]} Be5 {[%emt 0:00:20]} 65. Ne6+ {[%emt 0:00:30]} 1/2-1/2

[Event "German Masters 2021"]
[Site "Magdeburg"]
[Date "2021.07.27"]
[Round "5.5"]
[White "Braun, Arik"]
[Black "Svane, Rasmus"]
[Result "0-1"]
[WhiteElo "2609"]
[BlackElo "2615"]
[Annotator "ChessBase"]
[PlyCount "76"]
[EventDate "2021.07.23"]
[EventType "tourn"]
[EventCountry "GER"]
[SourceTitle "playchess.com"]
[Source "ChessBase"]
[SourceQuality "1"]
[TimeControl "40/5400+30:1800+30"]

1. d4 {[%emt 0:00:03]} Nf6 {[%emt 0:01:51]} 2. c4 {[%emt 0:00:04]} e6 {[%emt 0:00:10]} 3. Nc3 {[%emt 0:00:05]} Bb4 {[%emt 0:00:06]} 4. Qc2 {[%emt 0:00:04]} O-O {[%emt 0:00:08]} 5. a3 {[%emt 0:00:05]} Bxc3+ {[%emt 0:00:07]} 6. Qxc3 {[%emt 0:00:05]} d5 {[%emt 0:00:07]} 7. Bg5 {[%emt 0:00:09]} h6 {[%emt 0:00:41]} 8. Bxf6 {[%emt 0:00:11]} Qxf6 {[%emt 0:00:06]} 9. Nf3 {[%emt 0:00:06]} dxc4 {[%emt 0:01:52]} 10. Qxc4 {[%emt 0:00:08]} Nc6 {[%emt 0:00:17]} 11. Qc3 {[%emt 0:00:10]} Re8 {[%emt 0:00:29]} 12. Rd1 {[%emt 0:00:48]} e5 {[%emt 0:00:21]} 13. d5 {[%emt 0:00:12]} Nb8 {[%emt 0:01:15]} 14. e3 {[%emt 0:00:19]} Bf5 {[%emt 0:00:31]} 15. Be2 {[%emt 0:08:53]} Nd7 {[%emt 0:00:32]} 16. O-O {[%emt 0:00:49]} Rac8 {[%emt 0:00:52]} 17. Bb5 {[%emt 0:08:38]} a6 {[%emt 0:00:54]} 18. Bxd7 {[%emt 0:00:52]} Bxd7 {[%emt 0:00:06]} 19. Nd2 {[%emt 0:10:23]} Bb5 {[%emt 0:00:34]} 20. Rfe1 {[%emt 0:06:10]} e4 {[%emt 0:00:07]} 21. Rc1 {[%emt 0:02:21]} Qf5 {[%emt 0:20:10]} 22. Qd4 {[%emt 0:05:16]} Rcd8 {[%emt 0:03:04]} 23. Nb3 {[%emt 0:03:21]} Rxd5 {[%emt 0:04:15]} 24. Qa7 {[%emt 0:00:32]} Qh5 {[%emt 0:13:55]} 25. Nd4 {[%emt 0:08:32]} Rg5 {[%emt 0:02:14]} 26. Kh1 {[%emt 0:07:28]} Qg4 {[%emt 0:04:45]} 27. Rg1 {[%emt 0:03:37]} Rh5 {[%emt 0:02:37]} 28. g3 {[%emt 0:00:27]} Be2 {[%emt 0:27:30]} 29. Nxe2 {[%emt 0:01:36]} Qxe2 {[%emt 0:00:14]} 30. Qd4 {[%emt 0:00:27]} Qxf2 {[%emt 0:03:46]} 31. Rg2 {[%emt 0:00:13]} Qf3 {[%emt 0:00:20]} 32. Rxc7 {[%emt 0:00:22]} Qf1+ {[%emt 0:00:06]} 33. Rg1 {[%emt 0:00:04]} Qf3+ {[%emt 0:00:11]} 34. Rg2 {[%emt 0:00:04]} Ree5 {[%emt 0:01:31]} 35. Rc1 {[%emt 0:14:24]} Rd5 {[%emt 0:00:20]} 36. Qc4 {[%emt 0:00:31]} Rd2 {[%emt 0:06:11]} 37. Qf1 {[%emt 0:00:29]} Rxg2 {[%emt 0:00:58]} 38. Qxg2 {[%emt 0:00:08]} Qxe3 {[%emt 0:00:08]} 0-1

[Event "German Masters 2021"]
[Site "Magdeburg"]
[Date "2021.07.28"]
[Round "6.1"]
[White "Bluebaum, Matthias"]
[Black "Svane, Rasmus"]
[Result "1/2-1/2"]
[WhiteElo "2669"]
[BlackElo "2615"]
[Annotator "TA"]
[PlyCount "61"]
[EventDate "2021.07.23"]
[EventType "tourn"]
[EventCountry "GER"]
[SourceTitle "playchess.com"]
[Source "ChessBase"]
[SourceQuality "1"]

{[%evp 22,61,24,18,7,18,32,0,0,0,0,-7,-13,-11,-6,-9,-7,-6,-6,-16,-5,-20,-20,-11,-5,-18,-10,-6,0,-2,0,-6,0,0,0,-6,0,0,19,-5,0,-4]} 1. d4 Nf6 2. c4 e6 3. Nf3 d5 4. Bg5 Be7 5. e3 h6 6. Bxf6 Bxf6 7. Nc3 O-O 8. Rc1 c6 9. Bd3 dxc4 10. Bxc4 Nd7 11. O-O c5 12. Qe2 cxd4 {D55: Queen's Gambit Declined: 4 Bg5 Be7: Lines without ...h6 and 6...h6 7 Bxf6.} 13. exd4 {[#]} Rb8 $146 ({Predecessor:} 13... Nb6 14. Bd3 g6 15. Be4 Rb8 16. Rfd1 Bd7 17. Ne5 Qe7 18. Qf3 Be8 19. g3 Bg7 20. h4 h5 21. Qe3 Nc8 22. Bb1 {½-½ (35) Radjabov,T (2765)-So,W (2770) chess24.com INT 2021}) 14. Rfd1 Nb6 {The position is equal.} 15. Bd3 Bd7 16. Be4 Qe7 17. Ne5 Rfd8 18. Bf3 g6 19. g3 Bg7 20. h4 h5 21. Re1 Be8 22. Rcd1 Rbc8 23. Bg2 Rc7 24. Kh2 Rdc8 25. Rd2 Qf8 26. Kg1 Rd8 27. Rdd1 Qe7 28. Kh2 Rdc8 29. Rd2 Qf8 30. Kg1 Rd8 31. Rdd1 {A rather calm draw.  Weighted Error Value: White=0.05/Black=0.02} 1/2-1/2

[Event "German Masters 2021"]
[Site "Magdeburg"]
[Date "2021.07.28"]
[Round "6.3"]
[White "Engel, Luis"]
[Black "Parvanyan, Ashot"]
[Result "1/2-1/2"]
[WhiteElo "2543"]
[BlackElo "2451"]
[Annotator "ChessBase"]
[PlyCount "82"]
[EventDate "2021.07.23"]
[EventType "tourn"]
[EventCountry "GER"]
[SourceTitle "playchess.com"]
[Source "ChessBase"]
[SourceQuality "1"]
[TimeControl "40/5400+30:1800+30"]

1. e4 {[%emt 0:00:03]} e5 {[%emt 0:00:57]} 2. Nf3 {[%emt 0:00:29]} Nc6 {[%emt 0:00:12]} 3. Bb5 {[%emt 0:00:05]} a6 {[%emt 0:00:23]} 4. Ba4 {[%emt 0:00:06]} Nf6 {[%emt 0:00:16]} 5. d3 {[%emt 0:00:58]} b5 {[%emt 0:00:42]} 6. Bb3 {[%emt 0:00:06]} Bc5 {[%emt 0:00:10]} 7. Nc3 {[%emt 0:00:54]} d6 {[%emt 0:01:23]} 8. Nd5 {[%emt 0:00:13]} h6 {[%emt 0:00:44]} 9. c3 {[%emt 0:00:23]} Be6 {[%emt 0:00:36]} 10. Nxf6+ {[%emt 0:00:21]} Qxf6 {[%emt 0:00:13]} 11. O-O {[%emt 0:00:16]} Ne7 {[%emt 0:01:24]} 12. Bxe6 {[%emt 0:06:27]} Qxe6 {[%emt 0:00:21]} 13. d4 {[%emt 0:06:19]} Bb6 {[%emt 0:00:16]} 14. Be3 {[%emt 0:04:51]} O-O {[%emt 0:01:02]} 15. Re1 {[%emt 0:10:24]} f5 {[%emt 0:15:25]} 16. d5 {[%emt 0:07:13]} Qf7 {[%emt 0:08:39]} 17. Bxb6 {[%emt 0:00:16]} cxb6 {[%emt 0:00:46]} 18. Nd2 {[%emt 0:01:28]} fxe4 {[%emt 0:21:01]} 19. Nxe4 {[%emt 0:00:08]} Rad8 {[%emt 0:08:40]} 20. Qb3 {[%emt 0:01:40]} Qxd5 {[%emt 0:08:48]} 21. Qxd5+ {[%emt 0:00:08]} Nxd5 {[%emt 0:00:03]} 22. Rad1 {[%emt 0:00:24]} Nf6 {[%emt 0:00:05]} 23. Nxd6 {[%emt 0:00:30]} Rd7 {[%emt 0:00:12]} 24. Rd2 {[%emt 0:09:12]} Rfd8 {[%emt 0:04:35]} 25. Red1 {[%emt 0:00:07]} Ne8 {[%emt 0:03:39]} 26. Ne4 {[%emt 0:00:30]} Rxd2 {[%emt 0:00:04]} 27. Nxd2 {[%emt 0:03:35]} Nc7 {[%emt 0:06:35]} 28. Kf1 {[%emt 0:00:25]} Ne6 {[%emt 0:00:24]} 29. g3 {[%emt 0:00:37]} Nc5 {[%emt 0:01:25]} 30. Ke2 {[%emt 0:01:04]} Kf7 {[%emt 0:00:51]} 31. b4 {[%emt 0:09:25]} Na4 {[%emt 0:01:21]} 32. Rc1 {[%emt 0:00:11]} Nb2 {[%emt 0:05:48]} 33. Ne4 {[%emt 0:02:28]} Ke6 {[%emt 0:00:58]} 34. h4 {[%emt 0:02:37]} Ra8 {[%emt 0:03:28]} 35. Nd2 {[%emt 0:12:54]} a5 {[%emt 0:02:10]} 36. Rc2 {[%emt 0:04:02]} Nc4 {[%emt 0:00:55]} 37. Nxc4 {[%emt 0:00:25]} bxc4 {[%emt 0:00:03]} 38. b5 {[%emt 0:01:11]} a4 {[%emt 0:00:53]} 39. a3 {[%emt 0:01:30]} Ra5 {[%emt 0:01:32]} 40. Rb2 {[%emt 0:00:07]} Kd5 {[%emt 0:02:23]} 41. Ke3 {[%emt 0:30:33]} Ra7 {[%emt 0:09:35]} 1/2-1/2

[Event "German Masters 2021"]
[Site "Magdeburg"]
[Date "2021.07.28"]
[Round "6.4"]
[White "Heimann, Andreas"]
[Black "Meier, Georg"]
[Result "1/2-1/2"]
[WhiteElo "2599"]
[BlackElo "2628"]
[Annotator "TA"]
[PlyCount "80"]
[EventDate "2021.07.23"]
[EventType "tourn"]
[EventCountry "GER"]
[SourceTitle "playchess.com"]
[Source "ChessBase"]
[SourceQuality "1"]

{[%evp 15,80,15,12,0,35,21,27,14,19,17,21,28,23,0,0,0,0,0,0,0,19,25,79,54,59,0,0,0,0,0,42,0,32,28,20,0,63,0,3,0,0,0,96,99,90,55,59,0,0,0,0,0,0,0,0,0,0,0,0,0,0,0,0,0,0,0,0]} 1. e4 e6 2. d4 d5 3. Nc3 Bb4 4. Nge2 dxe4 5. a3 Be7 6. Nxe4 Nf6 7. Nxf6+ Bxf6 8. Be3 Nc6 {[%cal Bb8c6,Bc6e7,Be7d5,Bd5e3][%mdl 32]} 9. Qd2 {C15: French: 3 Nc3 Bb4: Unusual White 4th moves.} Ne7 10. Ng3 Nd5 {[#]} 11. Nh5 $146 {White has an edge.} ({Predecessor:} 11. O-O-O Qe7 12. Ne4 Bd7 13. Bc4 Nb6 14. Bd3 Bc6 15. Nxf6+ gxf6 16. Qa5 a6 17. c4 Bxg2 {½-½ (49) Simon Padros,E (2282)-Sanchez Martin,V (2127) Ciudad Real 2004}) 11... Nxe3 12. Nxf6+ Qxf6 13. Qxe3 Bd7 14. Bd3 c5 15. dxc5 Qxb2 16. O-O Bc6 17. Rab1 Qxa3 18. Qd4 Rd8 (18... Qa5 $11 {remains equal.}) 19. Qxg7 $16 Rf8 20. Bxh7 ({Better is} 20. Qxh7 $14 Qxc5 21. Be4) 20... Qxc5 $11 21. Rfd1 Ke7 22. Qg3 Rxd1+ 23. Rxd1 {Strongly threatening Qh4+.} Qh5 {[%cal Rh5d1]} 24. Qd6+ Kf6 25. Qf4+ Ke7 {[#]} (25... Kg7 $11 26. Rd3 Bxg2 $1) 26. Qd6+ (26. g4 $1 $14 Qh4 27. Be4) 26... Kf6 27. Qf4+ Kg7 {[%cal Rh5d1]} 28. Rd3 e5 {[#]} (28... Qxh7 $2 29. Rg3+ Qg6 30. Qe5+ Kg8 31. Rxg6+ fxg6 32. Qxe6+ Kh7 33. Qe7+ Kg8 34. Qd6 $18) ({Reject} 28... Kxh7 $6 29. Rh3 $16) (28... Bxg2 $11 {keeps the balance.} 29. Bf5 exf5 30. Rg3+ Kh7) 29. Qb4 $1 $16 Qh6 30. Rg3+ Kh8 {[#] ( -> ...Qc1+)} 31. Qa3 Rd8 $1 $36 {[%cal Rd8d1][%mdl 2048] Black has good play.The position is equal.} ({Wrong is} 31... Kxh7 $2 32. Rh3 $18) 32. Bd3 Rg8 $1 33. Qa1 (33. Qc5 {feels hotter.} Rxg3 34. hxg3 e4 35. Bf1 a6 36. g4) 33... Rxg3 34. hxg3 Qg5 35. Qxa7 Qc1+ 36. Kh2 {Qb8+ is the strong threat.} Qh6+ 37. Kg1 {Black must now prevent Qb8+.} Qc1+ 38. Kh2 Qh6+ 39. Kg1 {Hoping for Qb8+.} Qc1+ 40. Kh2 {Threatens to win with Qb8+.} Qh6+ {Weighted Error Value: White=0.12/Black=0.13} 1/2-1/2